00268 a2200121 4500001000700000020001800007040003500025100002100060240002500081245002000106300001100126362000900137157088 a9788508171897 cEscola São Tomás de Aquino aSABINO, Fernando10aCara ou coroa ?lpor10aCara ou coroa ? a123 p.0 a2015